000 00742nmc a2200277 a 4500
003 AR-BaBNM
005 20251128203423.0
008 127019s1959 ||||||||||||||000 | spa||
040 _cAR-BaBNM
100 1 _aGobello, José
245 1 0 _aBreve diccionario lunfardo
260 _aBuenos Aires
_bA. Peña Lillo
_c1959
300 0 _a72 p.
490 0 _aLa Siringa
_v6
500 0 _aLa mayor parte de las palabras consignadas se acompañan de un fragmento extraído de obras literarias argentinas
650 4 _aDICCIONARIOS
650 4 _aLEXICO
650 4 _aDIALECTOS
650 4 _aJERGA
653 0 _aLUNFARDO
653 0 _aARGENTINISMOS
655 _aREFERENCIA
700 1 _aPayet, Luciano
942 _cBK
998 _claura
999 _c3308
_d3308